000
00217nam a22000857a 4500
008
170104b xxu||||| |||| 00| 0 eng d
100
_9
2254
_a
Chugh.R.K
245
_a
Computer Acivity Book-5
260
_a
New Delhi
_b
G.R.K
_c
2012
999
_c
5141
_d
5141